000 00508nam a2200157 i 4500
001 25519
003 ES-MaACL
005 20230906153302.0
007 t|
008 021227s1957 sp ||||1| spa d
100 1 _aArias Muñoz, J.
_922792
245 1 0 _aEstudios para la historia de Castell de Ferro y otros lugares de la costa de Granada /
_cJ. Arias Muñoz.
260 _aGranada :
_b[s.n.,
_c1957] (
_fImp. Urania)
300 _a87 p., 1 lám. :
_bil. ;
_c24 cm.
852 _aES-MaACL
_j2006-F-26
_bR.42036
999 _c25519
_d25519